00415 2200169 4500245003400000020002200034250001100056100002200067650001600089005001900105260002800124041001400152084000800166300001500174500004700189336000900236 aPekacIda Ayu SaraswatihText a978-602-452-651-1 aCet. 4 aIda Ayu Saraswati aNovel Fiksi a20231005101351 aJakartabGrasindoc2018 aIndonesia a813 a308 hlm. : apeka. perasaan yang entah ke mana arahnya. atext